Edinburgh Airport Destination Countries Quiz Stats

 Plays Quiz not verified by Sporcle

Also try: Anything but Egypt
Challenge
Share
Tweet
Embed
Score 0/31 Timer 05:00
0 Plays Today
% Correct
France
97%
Spain
97%
Norway
95.5%
Sweden
95%
Portugal
94.5%
USA
94.5%
Belgium
94%
Ireland
94%
UK
94%
Germany
93.5%
Italy
93%
Denmark
92.5%
Finland
92%
Greece
91%
Austria
90.5%
Poland
90.5%
% Correct
Netherlands
89%
Turkey
86%
Czech Republic
85.5%
Switzerland
85.5%
Iceland
83%
Hungary
78.5%
Egypt
74%
Bulgaria
73.5%
Slovakia
73.5%
Estonia
73%
Cyprus
71.5%
Croatia
71%
Malta
68.5%
Lithuania
67%
Morocco
66.5%

You're not logged in!

Compare scores with friends on all Sporcle quizzes.
OR
Log In

You Might Also Like...

Show Comments

Extras

Top Quizzes Today


Score Distribution

Your Account Isn't Verified!

In order to create a playlist on Sporcle, you need to verify the email address you used during registration. Go to your Sporcle Settings to finish the process.

Report this User

Report this user for behavior that violates our Community Guidelines.

Details: